[Event "GER-ch 65th"]
[Site "Bad Wildbad"]
[Date "1993.??.??"]
[Round "1"]
[White "Beikert, Guenther"]
[Black "Meyer, Ingo"]
[Result "1-0"]
[WhiteElo "2415"]
[BlackElo "2280"]
[EventDate "1993.11.??"]
[PlyCount "69"]

1. g3 e5 2. Bg2 Nf6 3. c4 d5 4. cxd5 Nxd5 5. Nc3 Nb6 6. Nf3 Nc6 7. a3 Bd6 8. d4 exd4 9. Nxd4 Nxd4 10. Qxd4 O-O 11. Nb5 Be7 12. Qxd8 Bxd8 13. Bf4 c6 14. Nc7 Bxc7 15. Bxc7 Bg4 16. h3 Be6 17. O-O-O Rac8 18. Bf4 Rfd8 19. Rxd8+ Rxd8 20. Rd1 Rxd1+ 21. Kxd1 Kf8 22. Kc2 Ke7 23. e4 Nd7 24. Be3 a6 25. f4 f6 26. Kc3 Kd6 27. b4 Ba2 28. a4 b5 29. a5 g6 30. Bb6 Bc4 31. Kd4 Ke6 32. Bc5 Bb3 33. h4 Ba2 34. Bh3+ f5 35. g4 1-0

[Event "GER-ch 65th"]
[Site "Bad Wildbad"]
[Date "1993.??.??"]
[Round "1"]
[White "Bezold, Michael"]
[Black "Vatter, Hans Joachim"]
[Result "1-0"]
[WhiteElo "2490"]
[BlackElo "2320"]
[EventDate "1993.11.??"]
[PlyCount "91"]

1. c4 e5 2. g3 Nf6 3. Bg2 d5 4. cxd5 Nxd5 5. Nf3 Nc6 6. O-O Be7 7. d4 exd4 8. Nxd4 Nxd4 9. Qxd4 Nf6 10. Qa4+ Qd7 11. Qc2 c6 12. e4 O-O 13. Nc3 Qc7 14. Nd5 Nxd5 15. exd5 Bd7 16. Bf4 Bd6 17. Bxd6 Qxd6 18. dxc6 Bxc6 19. Rad1 Qf6 20. Bxc6 Rfc8 21. Rd7 Rxc6 22. Qd2 b6 23. Qd5 Rcc8 24. Re1 Rd8 25. Rd1 Rf8 26. Rd4 Qe6 27. Qxe6 fxe6 28. Re7 Rf7 29. Rdd7 Rxe7 30. Rxe7 Kf8 31. Rb7 e5 32. b3 e4 33. Kf1 a5 34. Rxb6 a4 35. Ke2 axb3 36. axb3 Ra2+ 37. Ke3 Rb2 38. Rb7 Kg8 39. h4 h6 40. h5 Kf8 41. g4 Kg8 42. b4 Kf8 43. b5 Kg8 44. b6 Rb4 45. Rb8+ Kh7 46. b7 1-0

[Event "GER-ch 65th"]
[Site "Bad Wildbad"]
[Date "1993.??.??"]
[Round "1"]
[White "Braeuning, Rudolf Wilhelm"]
[Black "Movsziszian, Karen"]
[Result "1-0"]
[WhiteElo "2305"]
[BlackElo "2480"]
[EventDate "1993.11.??"]
[PlyCount "47"]

1. d4 Nf6 2. Nf3 d5 3. c4 c6 4. cxd5 Qxd5 5. Nc3 Qh5 6. e4 Bg4 7. Qb3 Nbd7 8. Qxb7 Rb8 9. Qxc6 Bxf3 10. gxf3 Qxf3 11. Rg1 Ng4 12. Rg2 e5 13. h3 exd4 14. Rxg4 dxc3 15. Bb5 Rxb5 16. Qxb5 c2 17. Be3 Bb4+ 18. Qxb4 Qh1+ 19. Kd2 Qxa1 20. Kxc2 Qxa2 21. Rxg7 Qe6 22. Bxa7 Qe5 23. Rg3 f6 24. Qc4 1-0

[Event "GER-ch 65th"]
[Site "Bad Wildbad"]
[Date "1993.??.??"]
[Round "1"]
[White "Guenthner, Oliver"]
[Black "Pirrot, Dieter"]
[Result "0-1"]
[WhiteElo "2260"]
[BlackElo "2400"]
[EventDate "1993.11.??"]
[PlyCount "110"]

1. Nf3 g6 2. g3 Bg7 3. Bg2 d6 4. d4 Nf6 5. O-O O-O 6. c4 Nc6 7. d5 Na5 8. Nfd2 c5 9. dxc6 bxc6 10. Nc3 Rb8 11. Rb1 c5 12. a3 Bb7 13. e4 Nc6 14. b4 Nd7 15. Na4 Nd4 16. Nb3 Qc7 17. Be3 e5 18. Qd3 f5 19. f3 Nb6 20. Nb2 Bc8 21. f4 Bb7 22. Nd2 Rbe8 23. Rbe1 Nd7 24. Nd1 exf4 25. gxf4 Nf6 26. Bxd4 cxd4 27. exf5 Rxe1 28. Rxe1 Bxg2 29. Kxg2 Nh5 30. Qe4 Rxf5 31. Rf1 Qf7 32. Nb2 Nxf4+ 33. Kh1 Be5 34. Nf3 Nh3 35. Nd3 Ng5 36. Qa8+ Kg7 37. Kg2 Qxc4 38. Ndxe5 dxe5 39. Qxa7+ Rf7 40. Qc5 Qxc5 41. bxc5 Nxf3 42. Rxf3 Rc7 43. a4 Rxc5 44. Ra3 Kf6 45. a5 Rc7 46. a6 Ra7 47. Kf3 Kf5 48. Ra5 g5 49. Ra1 h5 50. h3 g4+ 51. hxg4+ hxg4+ 52. Kg3 d3 53. Ra2 Ke4 54. Kf2 g3+ 55. Kxg3 Ke3 0-1

[Event "GER-ch 65th"]
[Site "Bad Wildbad"]
[Date "1993.??.??"]
[Round "1"]
[White "Hickl, Joerg"]
[Black "Voekler, Bernd"]
[Result "1/2-1/2"]
[WhiteElo "2570"]
[BlackElo "2335"]
[EventDate "1993.11.??"]
[PlyCount "60"]

1. e4 c5 2. c3 Qa5 3. Nf3 Nc6 4. d3 e5 5. Be2 Nf6 6. Bg5 Be7 7. Nbd2 d6 8. a3 Qc7 9. b4 h6 10. Bxf6 Bxf6 11. Nc4 O-O 12. O-O Be6 13. Ne3 Rad8 14. Qb1 Ne7 15. Rc1 Ng6 16. g3 Qd7 17. Bd1 Ne7 18. Bb3 b6 19. h4 d5 20. Rd1 d4 21. cxd4 cxd4 22. Bxe6 Qxe6 23. Nc4 Ng6 24. Qa2 Rc8 25. h5 b5 26. Na5 Qg4 27. hxg6 Qxf3 28. gxf7+ Rxf7 29. Rdc1 Rxc1+ 30. Rxc1 Bg5 1/2-1/2

[Event "GER-ch 65th"]
[Site "Bad Wildbad"]
[Date "1993.??.??"]
[Round "1"]
[White "Luther, Thomas"]
[Black "Nagendra, Rentala"]
[Result "1-0"]
[WhiteElo "2480"]
[BlackElo "2315"]
[EventDate "1993.11.??"]
[PlyCount "59"]

1. e4 c5 2. Nf3 e6 3. d4 cxd4 4. Nxd4 Nf6 5. Nc3 d6 6. g4 a6 7. g5 Nfd7 8. h4 b5 9. a3 Bb7 10. Be3 Nb6 11. h5 Nc4 12. Bxc4 bxc4 13. Qe2 Qc7 14. O-O-O Nd7 15. g6 hxg6 16. hxg6 Rxh1 17. gxf7+ Kxf7 18. Rxh1 Nf6 19. Nf3 Qc6 20. Ng5+ Ke7 21. Rd1 Rc8 22. f4 Qe8 23. Qd2 d5 24. f5 exf5 25. e5 Qd7 26. exf6+ gxf6 27. Nh3 Kf7 28. Nf4 Bh6 29. Nfxd5 Bxe3 30. Qxe3 1-0

[Event "GER-ch 65th"]
[Site "Bad Wildbad"]
[Date "1993.??.??"]
[Round "1"]
[White "Menacher, Manfred"]
[Black "Maiwald, Jens Uwe"]
[Result "0-1"]
[WhiteElo "2280"]
[BlackElo "2430"]
[EventDate "1993.11.??"]
[PlyCount "50"]

1. e4 c5 2. Nf3 d6 3. c3 Nf6 4. Be2 Nbd7 5. d3 e6 6. O-O Be7 7. Re1 b6 8. Bf1 Bb7 9. Nbd2 Qc7 10. d4 cxd4 11. cxd4 O-O 12. b3 d5 13. e5 Ne4 14. Bb2 f5 15. exf6 Ndxf6 16. Rc1 Qd8 17. Bd3 Bb4 18. Re2 Qe7 19. Nb1 Nh5 20. Rec2 Bd6 21. Ne5 Qg5 22. Qe1 Bxe5 23. dxe5 Nf4 24. Bxe4 dxe4 25. g3 e3 0-1

[Event "GER-ch 65th"]
[Site "Bad Wildbad"]
[Date "1993.??.??"]
[Round "1"]
[White "Michaelsen, Nils"]
[Black "Berndt, Klaus"]
[Result "1-0"]
[WhiteElo "2435"]
[BlackElo "2285"]
[EventDate "1993.11.??"]
[PlyCount "68"]

1. d4 e6 2. c4 Bb4+ 3. Bd2 Qe7 4. Nc3 Nf6 5. Nf3 Nc6 6. e3 O-O 7. Qc2 d6 8. a3 Bxc3 9. Bxc3 a5 10. Bd3 e5 11. d5 Nb8 12. Nd2 a4 13. O-O g6 14. f4 Nbd7 15. Rae1 Nc5 16. fxe5 dxe5 17. Bb4 b6 18. Nb1 Bd7 19. Nc3 Nh5 20. Qd1 f5 21. Bc2 Qe8 22. d6 cxd6 23. Qxd6 Rf6 24. Qd2 Bc6 25. Rd1 Kh8 26. Qe2 f4 27. Nd5 Bxd5 28. Rxd5 fxe3 29. Qxe3 Rxf1+ 30. Kxf1 Nf4 31. Rxe5 Qf7 32. Kg1 Rf8 33. h4 Nh5 34. Bd3 Nxd3 1-0

[Event "GER-ch 65th"]
[Site "Bad Wildbad"]
[Date "1993.??.??"]
[Round "1"]
[White "Paehtz, Thomas Sr"]
[Black "Bastian, Herbert"]
[Result "1-0"]
[WhiteElo "2470"]
[BlackElo "2300"]
[EventDate "1993.11.??"]
[PlyCount "143"]

1. d4 Nf6 2. c4 g6 3. Nc3 Bg7 4. e4 d6 5. Nge2 O-O 6. Ng3 e5 7. d5 c6 8. Be2 cxd5 9. cxd5 h5 10. Bg5 Qb6 11. O-O Nh7 12. Be3 Qd8 13. Rc1 a6 14. Qa4 Nd7 15. Qa3 Ndf6 16. f3 Ne8 17. Na4 h4 18. Nh1 f5 19. Nb6 Rb8 20. Nxc8 Rxc8 21. Rxc8 Qxc8 22. Nf2 Rf7 23. Rc1 Qd8 24. Qb3 Bf6 25. Bb6 Qd7 26. a4 Bg5 27. Rc3 Nhf6 28. Nh3 Bh6 29. Qc4 g5 30. exf5 Qxf5 31. Bd3 Qd7 32. Nf2 Bg7 33. Bg6 Rf8 34. b3 Bh6 35. Qd3 Qg7 36. Rc8 e4 37. Bxe4 Nxe4 38. Nxe4 g4 39. Bd4 Qd7 40. Rc2 gxf3 41. gxf3 h3 42. Ng5 Qf5 43. Qxf5 Rxf5 44. Nxh3 Rxf3 45. Rg2+ Kh7 46. Rg3 Rf5 47. Nf2 Rxd5 48. Bc3 Rf5 49. Ng4 Bg7 50. Bxg7 Nxg7 51. Rd3 Rg5 52. h3 Rg6 53. Kg2 Nf5 54. Kf3 Re6 55. Ne3 Ne7 56. Nc4 d5 57. Ne3 Re5 58. Ng4 Rf5+ 59. Ke3 Kg6 60. Kd4 Nc6+ 61. Kc5 d4+ 62. Kb6 Rd5 63. Kxb7 Nb4 64. Rd1 Kg5 65. Rf1 Rc5 66. Nf6 Re5 67. h4+ Kxh4 68. Rf4+ Kg5 69. Rxd4 a5 70. Ne4+ Kf4 71. Nd6+ Ke3 72. Rxb4 1-0

[Event "GER-ch 65th"]
[Site "Bad Wildbad"]
[Date "1993.??.??"]
[Round "1"]
[White "Rausch, Stephan"]
[Black "Muse, Mladen"]
[Result "1/2-1/2"]
[WhiteElo "2315"]
[BlackElo "2485"]
[EventDate "1993.11.??"]
[PlyCount "157"]

1. d4 Nf6 2. Nf3 g6 3. Bg5 Bg7 4. Nbd2 O-O 5. e4 d5 6. Bd3 dxe4 7. Nxe4 Nxe4 8. Bxe4 c5 9. c3 cxd4 10. Nxd4 Qc7 11. Be3 a6 12. O-O Nd7 13. f4 Nf6 14. Bf3 Rd8 15. Qb3 e6 16. Nc2 Nd5 17. Bxd5 Rxd5 18. Rad1 Rb5 19. Qa4 Bd7 20. Na3 Rd5 21. Qc4 Bc6 22. Rxd5 exd5 23. Qd3 Re8 24. Re1 d4 25. cxd4 Qa5 26. Re2 Qd5 27. Qc4 Qh5 28. Re1 Qh4 29. Nc2 Bb5 30. Qc3 Qg4 31. Qd2 Bc4 32. b3 Bd5 33. Nb4 Be4 34. Nd3 Rc8 35. Nc5 Bd5 36. Qe2 Qf5 37. Qd3 Qg4 38. Qe2 Qh4 39. Qf2 Qd8 40. Rc1 Qe7 41. Re1 b6 42. Nd3 Qe4 43. Ne5 Rc2 44. Re2 Rc8 45. Re1 h5 46. h3 Qf5 47. Kh2 Bf6 48. Rc1 Rxc1 49. Bxc1 a5 50. Be3 b5 51. Qe2 Qe4 52. Qf3 Qxf3 53. Nxf3 Be7 54. Bc1 Kf8 55. Kg3 Ke8 56. Kf2 a4 57. bxa4 b4 58. Ke3 Bxa2 59. Kd3 Bd5 60. Ne1 Kd7 61. g3 Bc6 62. Kc4 Bxa4 63. Nd3 Bd1 64. Nxb4 Be2+ 65. Kc3 h4 66. gxh4 Bxh4 67. Nd3 Ke6 68. Kd2 Bf1 69. Ke3 Bxh3 70. Ba3 Bg2 71. Ne5 Bd5 72. Ng4 Bg2 73. Bb4 Bg3 74. Ba5 Bh3 75. Kf3 Bh4 76. Ne3 Kd6 77. Bb4+ Kc6 78. Ke4 Bd8 79. f5 1/2-1/2

[Event "GER-ch 65th"]
[Site "Bad Wildbad"]
[Date "1993.??.??"]
[Round "1"]
[White "Renner, Christoph"]
[Black "Kostadinov, Atanas"]
[Result "1-0"]
[WhiteElo "2385"]
[BlackElo "2245"]
[EventDate "1993.11.??"]
[PlyCount "50"]

1. e4 e6 2. d4 d5 3. Nd2 c5 4. exd5 Qxd5 5. Ngf3 Nf6 6. Bc4 Qd7 7. O-O Nc6 8. Nb3 cxd4 9. Bf4 Bd6 10. Bxd6 Qxd6 11. Nfxd4 Nxd4 12. Nxd4 Bd7 13. c3 O-O-O 14. Qe2 e5 15. Nf3 e4 16. Ng5 Ng4 17. g3 f5 18. Nf7 Qc5 19. Rad1 Ne5 20. Rd5 Qxc4 21. Nd6+ Kb8 22. Nxc4 Nf3+ 23. Kg2 Bc6 24. Rxd8+ Rxd8 25. Rd1 Re8 1-0

[Event "GER-ch 65th"]
[Site "Bad Wildbad"]
[Date "1993.??.??"]
[Round "1"]
[White "Riegler, Dieter"]
[Black "Raupp, Thomas"]
[Result "1/2-1/2"]
[WhiteElo "2240"]
[BlackElo "2360"]
[EventDate "1993.11.??"]
[PlyCount "55"]

1. d4 Nf6 2. c4 c5 3. d5 e5 4. Nc3 d6 5. e4 Nbd7 6. Nf3 Be7 7. h3 O-O 8. g4 Ne8 9. Rg1 a6 10. a4 Rb8 11. Be3 Nc7 12. g5 Re8 13. h4 Bf8 14. Nh2 g6 15. Ng4 Bg7 16. h5 Nf8 17. hxg6 fxg6 18. Qf3 Re7 19. Qd1 Bd7 20. Qd2 Rf7 21. Bd3 b5 22. axb5 axb5 23. b3 bxc4 24. bxc4 Rb4 25. Ke2 Bc8 26. Nh2 Ba6 27. Qa2 Qc8 28. Nf3 1/2-1/2

[Event "GER-ch 65th"]
[Site "Bad Wildbad"]
[Date "1993.??.??"]
[Round "1"]
[White "Schmidt Schaeffer, Sebastian"]
[Black "Espig, Lutz"]
[Result "0-1"]
[WhiteElo "2275"]
[BlackElo "2455"]
[EventDate "1993.11.??"]
[PlyCount "90"]

1. e4 c5 2. Nf3 e6 3. d4 cxd4 4. Nxd4 Nf6 5. Nc3 d6 6. g3 Nc6 7. Bg2 Bd7 8. O-O Be7 9. Nde2 O-O 10. b3 a6 11. a4 Qc7 12. Bb2 Rac8 13. Qd2 Rfd8 14. Rac1 Be8 15. Nf4 Ne5 16. Qe2 Qa5 17. Qe1 Kf8 18. h3 Rd7 19. Nfe2 Rdc7 20. f4 Ned7 21. Kh2 b5 22. axb5 axb5 23. Ra1 Qb6 24. g4 Nc5 25. g5 Nfd7 26. f5 Kg8 27. f6 Bf8 28. Nd4 Ne5 29. Qf2 g6 30. Qe3 Na6 31. Rfe1 Nb4 32. Nd1 Nbc6 33. Bc3 b4 34. Bb2 Nxd4 35. Bxd4 Qb8 36. Nb2 Rxc2 37. Bxe5 dxe5 38. Nc4 Rc3 39. Qa7 Rxb3 40. Qxb8 Rxb8 41. Rab1 Rxb1 42. Rxb1 Bc5 43. Bf3 Ba4 44. Bd1 Bxd1 45. Rxd1 b3 0-1

[Event "GER-ch 65th"]
[Site "Bad Wildbad"]
[Date "1993.??.??"]
[Round "1"]
[White "Schwarz, Michael"]
[Black "Lochte, Thomas"]
[Result "1-0"]
[WhiteElo "2405"]
[BlackElo "2265"]
[EventDate "1993.11.??"]
[PlyCount "83"]

1. d4 d5 2. Nf3 Nc6 3. g3 Bg4 4. Bg2 Nf6 5. Ne5 Bf5 6. c4 e6 7. Qa4 Bxb1 8. Rxb1 Bb4+ 9. Kf1 Bd6 10. Bg5 O-O 11. Nxc6 bxc6 12. Qxc6 h6 13. Bd2 Rb8 14. c5 Be7 15. Ba5 Qc8 16. Bf3 e5 17. dxe5 Qh3+ 18. Kg1 Nd7 19. Qxd5 Rb5 20. Bc3 Rd8 21. Bg2 Qf5 22. Qe4 Qe6 23. Qd5 Qf5 24. Be4 Qh3 25. Rd1 Nf8 26. Qxd8 Bxd8 27. Rxd8 a5 28. c6 Rc5 29. f4 g5 30. e3 gxf4 31. exf4 Qe6 32. Kg2 Qxa2 33. Kf3 a4 34. Rhd1 a3 35. Ra8 Qb3 36. Rdd8 Rxc3+ 37. bxc3 Kg7 38. Rxf8 Qd1+ 39. Ke3 Qg1+ 40. Kd3 Qb1+ 41. Kd4 Qb6+ 42. Kc4 1-0

[Event "GER-ch 65th"]
[Site "Bad Wildbad"]
[Date "1993.??.??"]
[Round "1"]
[White "Siepelt, Heiner"]
[Black "Uhlmann, Wolfgang"]
[Result "1/2-1/2"]
[WhiteElo "2320"]
[BlackElo "2510"]
[EventDate "1993.11.??"]
[PlyCount "115"]

1. e4 e6 2. d3 d5 3. Nd2 Nf6 4. Ngf3 c5 5. g3 Nc6 6. Bg2 Be7 7. O-O O-O 8. Re1 b5 9. exd5 exd5 10. d4 cxd4 11. Nb3 Bg4 12. Nbxd4 Nxd4 13. Qxd4 Ne4 14. Qd3 Bf6 15. c3 Qd7 16. Nd4 Rfe8 17. Be3 a6 18. Qf1 Bh5 19. Bh3 Qb7 20. g4 Bg6 21. f4 Bxd4 22. Bxd4 f6 23. f5 Bf7 24. Qf4 b4 25. Bg2 Rac8 26. Bxe4 Rxe4 27. Rxe4 dxe4 28. g5 bxc3 29. bxc3 e3 30. Re1 Qb2 31. gxf6 Bd5 32. Qg3 Qf2+ 33. Qxf2 exf2+ 34. Kxf2 gxf6 35. Re7 Bxa2 36. Bxf6 Bb1 37. Rg7+ Kf8 38. Rxh7 Bxf5 39. Ra7 Rc6 40. Bd4 Ke8 41. Ke3 Rh6 42. Be5 Bh3 43. c4 Bf1 44. c5 Bb5 45. Bf4 Rh5 46. Kd4 Kd8 47. Bd6 Ke8 48. Ke4 Bc6+ 49. Ke3 Rh3+ 50. Bg3 Rh5 51. Kd4 Bb5 52. Bd6 Rh4+ 53. Kc3 Ra4 54. Rh7 a5 55. h4 Rc4+ 56. Kb2 Rb4+ 57. Kc3 Rc4+ 58. Kb2 1/2-1/2

[Event "GER-ch 65th"]
[Site "Bad Wildbad"]
[Date "1993.??.??"]
[Round "1"]
[White "Stolz, Mike"]
[Black "Sieglen, Joachim"]
[Result "1/2-1/2"]
[WhiteElo "2280"]
[BlackElo "2415"]
[EventDate "1993.11.??"]
[PlyCount "40"]

1. e4 e5 2. Nf3 Nc6 3. Bb5 a6 4. Ba4 d6 5. Bxc6+ bxc6 6. d4 Bg4 7. dxe5 dxe5 8. Qxd8+ Rxd8 9. Be3 f6 10. Nbd2 Be6 11. Ke2 Ne7 12. Ne1 Nc8 13. Nd3 Nb6 14. b3 Be7 15. a3 Nd7 16. Rad1 Kf7 17. Nb4 Nb8 18. Nd3 Nd7 19. Nb4 Nb8 20. Nd3 Nd7 1/2-1/2

[Event "GER-ch 65th"]
[Site "Bad Wildbad"]
[Date "1993.??.??"]
[Round "1"]
[White "Zeller, Frank"]
[Black "Zude, Arno"]
[Result "0-1"]
[WhiteElo "2290"]
[BlackElo "2440"]
[EventDate "1993.11.??"]
[PlyCount "96"]

1. d4 Nf6 2. c4 e6 3. Nc3 Bb4 4. e3 c5 5. Bd3 Nc6 6. Nf3 Bxc3+ 7. bxc3 d6 8. O-O O-O 9. Qc2 h6 10. Bd2 Re8 11. e4 e5 12. d5 Ne7 13. Ne1 g5 14. g3 Bh3 15. Ng2 Ng6 16. f3 Kh7 17. Rf2 Bxg2 18. Kxg2 Rg8 19. Kh1 Qd7 20. Bf1 Kh8 21. Bg2 Nh7 22. Qd3 f6 23. Qf1 h5 24. Bh3 g4 25. fxg4 hxg4 26. Bg2 Raf8 27. Qe2 Ne7 28. Raf1 Rg6 29. Qd1 Kg7 30. Qb3 Ng5 31. Rb1 b6 32. a4 Rh8 33. Rbf1 Rh5 34. Qd1 Qc8 35. h4 Nf3 36. Bxf3 gxf3 37. Qxf3 Qh3+ 38. Rh2 Qg4 39. Rhf2 Qxg3 40. Qxg3 Rxg3 41. Rh2 Ng6 42. Be1 Rg4 43. Rg1 Rxe4 44. a5 f5 45. axb6 axb6 46. Rhg2 Kf6 47. Bf2 Rxc4 48. Rb1 Rxc3 0-1

[Event "GER-ch 65th"]
[Site "Bad Wildbad"]
[Date "1993.??.??"]
[Round "2"]
[White "Hedke, Fred"]
[Black "Hickl, Joerg"]
[Result "0-1"]
[WhiteElo "2345"]
[BlackElo "2570"]
[EventDate "1993.11.??"]
[PlyCount "100"]

1. e4 g6 2. d4 d6 3. Nc3 c6 4. g3 b5 5. d5 a6 6. dxc6 Nxc6 7. Bg2 Bb7 8. a3 Bg7 9. Nge2 Nf6 10. O-O O-O 11. h3 Rc8 12. Be3 Ne5 13. b3 Qc7 14. Qd2 Rfd8 15. Rac1 e6 16. Bg5 Qc5 17. Qf4 Ned7 18. Qh4 Qxa3 19. Rfd1 e5 20. f4 Re8 21. Kh2 Qc5 22. Nd5 Nxd5 23. exd5 Qf2 24. Rd2 exf4 25. Qxf4 Qxf4 26. Bxf4 Be5 27. Bxe5 Rxe5 28. c4 b4 29. Nd4 Nc5 30. Rb1 Kf8 31. Nc6 Bxc6 32. dxc6 Ke7 33. Rbd1 Re6 34. Bd5 Re3 35. Bg2 Re6 36. Bd5 Re3 37. Bg2 Rd8 38. c7 Rc8 39. Rxd6 Rxc7 40. Rb6 Rxb3 41. g4 a5 42. Bd5 a4 43. Rf1 Ne6 44. Re1 Rb2+ 45. Kg3 a3 46. Bxe6 fxe6 47. Rexe6+ Kf7 48. Rf6+ Kg7 49. g5 Rb3+ 50. Kg2 a2 0-1

[Event "GER-ch 65th"]
[Site "Bad Wildbad"]
[Date "1993.??.??"]
[Round "2"]
[White "Kindl, Peter"]
[Black "Renner, Christoph"]
[Result "0-1"]
[WhiteElo "2335"]
[BlackElo "2385"]
[EventDate "1993.11.??"]
[PlyCount "46"]

1. d4 f5 2. c4 Nf6 3. Nc3 d6 4. Nf3 g6 5. b4 a5 6. b5 Bg7 7. Bb2 Be6 8. e3 O-O 9. Be2 h6 10. Qc2 Nbd7 11. O-O Bf7 12. Rfd1 c5 13. bxc6 bxc6 14. e4 fxe4 15. Nxe4 Nxe4 16. Qxe4 Nf6 17. Qc2 Nh5 18. g3 Qd7 19. Nh4 Qe8 20. Bxh5 gxh5 21. Nf5 Bg6 22. Nxe7+ Qxe7 23. Qxg6 Qe2 0-1

[Event "GER-ch 65th"]
[Site "Bad Wildbad"]
[Date "1993.??.??"]
[Round "2"]
[White "Kostadinov, Atanas"]
[Black "Guenthner, Oliver"]
[Result "0-1"]
[WhiteElo "2245"]
[BlackElo "2260"]
[EventDate "1993.11.??"]
[PlyCount "156"]

1. d4 Nf6 2. c4 g6 3. Nc3 d5 4. Nf3 Bg7 5. e3 O-O 6. Be2 c5 7. O-O cxd4 8. exd4 dxc4 9. Bxc4 Bg4 10. d5 Nbd7 11. Re1 Rc8 12. Bb3 Nc5 13. h3 Bf5 14. Nd4 Bd3 15. Be3 Ba6 16. Nc6 Rxc6 17. dxc6 Nd3 18. Re2 bxc6 19. Rd2 e5 20. Qf3 Qe8 21. Ne4 Nxe4 22. Qxe4 Kh8 23. Bc4 Bxc4 24. Qxc4 e4 25. Bd4 f5 26. Bxg7+ Kxg7 27. Qd4+ Kh6 28. Re2 Qb8 29. Rd1 Rf7 30. Qe3+ Kg7 31. Qd4+ Kh6 32. b3 c5 33. Qe3+ Kg7 34. Qd2 h6 35. Qc3+ Kh7 36. Qd2 Qd6 37. Re3 Qd4 38. Rxd3 exd3 39. Qxd3 Rd7 40. Qxd4 cxd4 41. Kf1 d3 42. Ke1 Re7+ 43. Kf1 Rd7 44. g3 g5 45. Rd2 f4 46. gxf4 gxf4 47. Ke1 Kg6 48. Kd1 Kf5 49. Rb2 Ke4 50. b4 Rg7 51. b5 Rg1+ 52. Kd2 Rf1 53. Kc3 Kf3 54. a4 Rxf2 55. Rxf2+ Kxf2 56. Kd2 Kg1 57. a5 f3 58. b6 axb6 59. axb6 f2 60. b7 f1=Q 61. b8=Q Qe2+ 62. Kc3 d2 63. Qb6+ Kf1 64. Qf6+ Ke1 65. Qh4+ Kd1 66. Qa4+ Ke1 67. Qh4+ Kf1 68. Qf6+ Kg2 69. Qc6+ Kf2 70. Qf6+ Kg1 71. Qd4+ Kg2 72. Qg7+ Kh2 73. Qc7+ Kxh3 74. Qd7+ Kg2 75. Qg7+ Kf2 76. Qf6+ Qf3+ 77. Qxf3+ Kxf3 78. Kxd2 h5 0-1

[Event "GER-ch 65th"]
[Site "Bad Wildbad"]
[Date "1993.??.??"]
[Round "2"]
[White "Lochte, Thomas"]
[Black "Haag, Martin"]
[Result "0-1"]
[WhiteElo "2265"]
[BlackElo "2290"]
[EventDate "1993.11.??"]
[PlyCount "74"]

1. e4 c5 2. d4 cxd4 3. c3 Nf6 4. e5 Nd5 5. Nf3 e6 6. Bc4 Nb6 7. Bb3 dxc3 8. Nxc3 d5 9. exd6 Qxd6 10. Qe2 Bd7 11. O-O Be7 12. Rd1 Qb4 13. Rd4 Qa5 14. Bd2 Qh5 15. Re1 O-O 16. Qd3 Bf6 17. Rf4 Bc6 18. Ne4 Bxe4 19. Rfxe4 Rd8 20. Qe2 Nc6 21. Bc3 Nd7 22. Bc2 h6 23. h4 Bxc3 24. bxc3 Qa5 25. Rxe6 Qxc3 26. Re3 Qf6 27. g4 Nf8 28. g5 Qd6 29. gxh6 Qxh6 30. Qb5 Rab8 31. Bb3 Qf4 32. Ng5 Nd4 33. Qc4 Nfe6 34. Nxe6 fxe6 35. Rxe6 Nf3+ 36. Kf1 Nd2+ 37. Ke2 Nxc4 0-1

[Event "GER-ch 65th"]
[Site "Bad Wildbad"]
[Date "1993.??.??"]
[Round "2"]
[White "Maiwald, Jens Uwe"]
[Black "Paehtz, Thomas Sr"]
[Result "1/2-1/2"]
[WhiteElo "2430"]
[BlackElo "2470"]
[EventDate "1993.11.??"]
[PlyCount "25"]

1. d4 Nf6 2. Nf3 g6 3. Bg5 Bg7 4. Nbd2 d5 5. e3 c6 6. Bd3 Nbd7 7. O-O O-O 8. c4 dxc4 9. Nxc4 c5 10. Re1 cxd4 11. exd4 Nd5 12. Qb3 N7f6 13. Nfe5 1/2-1/2

[Event "GER-ch 65th"]
[Site "Bad Wildbad"]
[Date "1993.??.??"]
[Round "2"]
[White "Meyer, Ingo"]
[Black "Bastian, Herbert"]
[Result "0-1"]
[WhiteElo "2280"]
[BlackElo "2300"]
[EventDate "1993.11.??"]
[PlyCount "92"]

1. d4 Nf6 2. Nf3 g6 3. Bf4 Bg7 4. Nbd2 d6 5. e4 O-O 6. Be2 Nc6 7. O-O Nh5 8. Be3 e5 9. c3 h6 10. Nc4 exd4 11. Nxd4 Nf6 12. Nxc6 bxc6 13. e5 Nd5 14. exd6 cxd6 15. Bd4 Nf4 16. Bf3 Ba6 17. Bxg7 Kxg7 18. Re1 Bxc4 19. Qd4+ Qf6 20. Qxc4 d5 21. Qd4 Qxd4 22. cxd4 Ne6 23. Red1 Rab8 24. Rac1 Rfc8 25. Rd2 Kf8 26. Kf1 Ke7 27. h4 h5 28. Ke2 Kd6 29. a3 Rb3 30. Rc3 Rb6 31. Kd3 Rcb8 32. Rdc2 Rb3 33. g3 R8b6 34. Bd1 f5 35. f3 c5 36. dxc5+ Nxc5+ 37. Kd2 Rxc3 38. bxc3 Ke5 39. Ra2 f4 40. g4 hxg4 41. fxg4 Ne4+ 42. Kd3 Rb1 43. Bf3 Rf1 44. Be2 Rh1 45. c4 Rh3+ 46. Kc2 dxc4 0-1

[Event "GER-ch 65th"]
[Site "Bad Wildbad"]
[Date "1993.??.??"]
[Round "2"]
[White "Moehring, Guenther"]
[Black "Knuth, Hannes"]
[Result "1/2-1/2"]
[WhiteElo "2345"]
[BlackElo "2360"]
[EventDate "1993.11.??"]
[PlyCount "131"]

1. Nf3 Nf6 2. c4 g6 3. Nc3 Bg7 4. e4 d6 5. d4 O-O 6. Be2 e5 7. O-O Nc6 8. Be3 Ng4 9. Bg5 f6 10. Bh4 Nh6 11. dxe5 dxe5 12. c5 Be6 13. Qa4 g5 14. Bg3 g4 15. Bc4 Bf7 16. Nh4 Qd4 17. Bxf7+ Rxf7 18. Qb5 Qb4 19. f3 Bf8 20. Bf2 gxf3 21. gxf3 Qxb5 22. Nxb5 a6 23. Nc3 f5 24. Nxf5 Nxf5 25. exf5 Rxf5 26. Kg2 Nd4 27. Ne4 Rxf3 28. Bg3 Rxf1 29. Rxf1 Bg7 30. Nf6+ Bxf6 31. Rxf6 Re8 32. Rf1 Kg7 33. Rd1 Kf6 34. Bxe5+ Rxe5 35. Rxd4 Rxc5 36. Rd2 h5 37. Kf3 b6 38. Kg3 a5 39. Kh4 Kg6 40. Rg2+ Kh6 41. Re2 Rc4+ 42. Kg3 a4 43. a3 h4+ 44. Kf3 Kg6 45. Ke3 Kf5 46. Kd3 b5 47. Rg2 Kf4 48. h3 Kf3 49. Rg5 c6 50. Rg6 Kf2 51. Kd2 c5 52. Rg5 Rf4 53. b3 Rf3 54. bxa4 Rxh3 55. Rf5+ Kg2 56. Rg5+ Rg3 57. Rxg3+ hxg3 58. axb5 Kf3 59. b6 g2 60. b7 g1=Q 61. b8=Q Qe3+ 62. Kc2 Qe4+ 63. Kb2 Qd4+ 64. Kc2 Qe4+ 65. Kb2 c4 66. Qb4 1/2-1/2

[Event "GER-ch 65th"]
[Site "Bad Wildbad"]
[Date "1993.??.??"]
[Round "2"]
[White "Movsziszian, Karen"]
[Black "Niermann, Michael"]
[Result "1-0"]
[WhiteElo "2480"]
[BlackElo "2215"]
[EventDate "1993.11.??"]
[PlyCount "87"]

1. d4 Nf6 2. c4 g6 3. Nc3 Bg7 4. e4 d6 5. f3 O-O 6. Be3 b6 7. Bd3 a6 8. Qd2 c5 9. d5 e6 10. Nge2 exd5 11. exd5 Re8 12. O-O Nbd7 13. Bg5 Ne5 14. Ne4 Nxe4 15. fxe4 f6 16. Bh4 b5 17. b3 Qe7 18. Nc3 b4 19. Na4 Rb8 20. a3 Bd7 21. axb4 Rxb4 22. Bc2 Bxa4 23. Rxa4 Rxa4 24. bxa4 Rb8 25. Rb1 Rxb1+ 26. Bxb1 Qb7 27. Ba2 Nf7 28. Be1 Bh6 29. Qc3 Qe7 30. Bb1 Ng5 31. Bh4 Kf7 32. Qb2 Bg7 33. h3 Nxe4 34. Bxe4 Qxe4 35. Qb7+ Qe7 36. Qxa6 g5 37. Bg3 Bf8 38. Qc8 Qa7 39. Qc6 Qe7 40. a5 h5 41. a6 Kg8 42. Bxd6 Qe3+ 43. Kh2 f5 44. Qc8 1-0

[Event "GER-ch 65th"]
[Site "Bad Wildbad"]
[Date "1993.??.??"]
[Round "2"]
[White "Muse, Mladen"]
[Black "Siepelt, Heiner"]
[Result "1/2-1/2"]
[WhiteElo "2485"]
[BlackElo "2320"]
[EventDate "1993.11.??"]
[PlyCount "91"]

1. d4 Nf6 2. Nf3 g6 3. c4 Bg7 4. Nc3 O-O 5. e4 d6 6. Be2 Qe8 7. O-O e5 8. dxe5 dxe5 9. Be3 b6 10. h3 Na6 11. Nd2 Bb7 12. a3 c5 13. Nd5 Bxd5 14. cxd5 Nc7 15. a4 Qd7 16. Qc2 Nfe8 17. b4 cxb4 18. Rfc1 f5 19. f3 Rf7 20. a5 bxa5 21. Rxa5 Nd6 22. Qc6 Qd8 23. Qa4 Bf8 24. Rc6 Nce8 25. Bd3 fxe4 26. fxe4 Qh4 27. Qd1 Bh6 28. Qe2 Bxe3+ 29. Qxe3 Rb8 30. Nf3 Qg3 31. Rxa7 Rxa7 32. Qxa7 Rd8 33. Qe7 Ra8 34. Rxd6 Nxd6 35. Qxd6 Ra1+ 36. Bf1 Qf4 37. Qb8+ Kg7 38. Kf2 Qxe4 39. Qxe5+ Qxe5 40. Nxe5 b3 41. Nc4 b2 42. Nxb2 Ra2 43. Ke3 Rxb2 44. Be2 Kf6 45. Bf3 Ke5 46. Kd3 1/2-1/2